| 000 | 01100nam a2200289Ia 4500 | ||
|---|---|---|---|
| 001 | ebr10067187 | ||
| 003 | CaPaEBR | ||
| 006 | m u | ||
| 007 | cr cn||||||||| | ||
| 008 | 040226s2004 maua s 001 0deng d | ||
| 020 | _z1932266720 | ||
| 040 |
_aCaPaEBR _cCaPaEBR |
||
| 035 | _a(OCoLC)56823613 | ||
| 050 | 1 | 4 |
_aQA76.9.A25 _bF67 2004eb |
| 100 | 1 | _aFoster, James. | |
| 245 | 1 | 0 |
_aProgrammer's ultimate security deskref _h[electronic resource] / _cJames C. Foster, Stephen C. Foster. |
| 260 |
_aRockland, MA : _bSyngress Publishing, _cc2004. |
||
| 300 |
_axvi, 588 p. : _bill. |
||
| 500 | _aIncludes index. | ||
| 533 |
_aElectronic reproduction. _bPalo Alto, Calif. : _cebrary, _d2009. _nAvailable via World Wide Web. _nAccess may be limited to ebrary affiliated libraries. |
||
| 650 | 0 | _aComputer programming. | |
| 650 | 0 | _aComputer security. | |
| 655 | 7 |
_aElectronic books. _2local |
|
| 700 | 1 | _aFoster, Stephen C. | |
| 710 | 2 | _aebrary, Inc. | |
| 856 | 4 | 0 |
_uhttp://site.ebrary.com/lib/rucke/Doc?id=10067187 _zAn electronic book accessible through the World Wide Web; click to view |
| 999 |
_c164046 _d164046 |
||